Tình hình kinh tế nông nghiệp của huyện Vĩnh Thạnh (Thành Phố Cần Thơ) từ năm 1954 đến 2009 Luận văn thạc sĩ khoa học lịch sử. Chuyên ngành: Lịch sử Việt Nam. Mã số: 60.22.54

Kaydedildi:
Detaylı Bibliyografya
Yazar: Nguyễn, Ngọc Phúc
Diğer Yazarlar: Trần, Văn Thức (Hướng dẫn)
Materyal Türü: Tez Set Kitap
Dil:Vietnamese
Baskı/Yayın Bilgisi: Đồng Tháp Đại học Vinh 2010
Konular:
Etiketler: Etiketle
Etiket eklenmemiş, İlk siz ekleyin!
Thư viện lưu trữ: Trung tâm Học liệu Lê Vũ Hùng, Trường Đại học Đồng Tháp
LEADER 01301ppm a22003138a 4500
001 00031251
005 20171026081025.0
008 131016s2010 ||||||viesd
041 0 # |a vie 
082 1 4 |b T312H  |a 338.109 597 93 
100 1 # |a Nguyễn, Ngọc Phúc 
245 0 0 |a Tình hình kinh tế nông nghiệp của huyện Vĩnh Thạnh (Thành Phố Cần Thơ) từ năm 1954 đến 2009  |b Luận văn thạc sĩ khoa học lịch sử. Chuyên ngành: Lịch sử Việt Nam. Mã số: 60.22.54  |c Nguyễn Ngọc Phúc, Trần Văn Thức (hướng dẫn) 
260 # # |a Đồng Tháp  |b Đại học Vinh  |c 2010 
300 # # |a 116 tr.+ phụ lục  |c 30cm. 
500 # # |a ĐTTTS ghi: Bộ giáo dục và đào tạo. Trường Đại học Vinh 
653 # # |a Cần Thơ 
653 # # |a Luận văn 
653 # # |a kinh tế nông nghiệp 
653 # # |a khoa học lịch sử 
653 # # |a Vĩnh Thạnh 
653 # # |a Nông nghiệp 
700 1 # |a Trần, Văn Thức  |e Hướng dẫn 
852 # # |j LV.0000332 
852 # # |b Kho đọc SĐH  |j LV.0000332 
910 |d 16/10/2013 
980 # # |a Trung tâm Học liệu Lê Vũ Hùng, Trường Đại học Đồng Tháp